000
00318nam a22001337a 4500
008
170526b xxu||||| |||| 00| 0 eng d
020
_a
9783540606659
041
_a
ger
080
_a
007.52
100
_a
25
101
_a
IM
245
_a
ROBOTIK: PROGRAMMIERUNG INTELLIGENTER ROBOTER
_c
SIEGERT,H.J
942
_2
udc
_c
BK
999
_c
14351
_d
14351